000 00184nam a22000857a 4500
003 SGT
245 _aINTETRNATIONAL JOURNAL OF ELECTRONICS AND COMPSUTER
260 _c2014
942 _2ddc
_cBV
999 _c21454
_d21454